<?xml version="1.0" encoding="UTF-8"?>
<record
    xmlns:xsi="http://www.w3.org/2001/XMLSchema-instance"
    xsi:schemaLocation="http://www.loc.gov/MARC21/slim http://www.loc.gov/standards/marcxml/schema/MARC21slim.xsd"
    xmlns="http://www.loc.gov/MARC21/slim">

  <leader>00295nam a2200121Ia 4500</leader>
  <controlfield tag="008">191201s2011    xx            000 0 und d</controlfield>
  <datafield tag="100" ind1=" " ind2=" ">
    <subfield code="a">ELMASRI,Ramez</subfield>
  </datafield>
  <datafield tag="245" ind1=" " ind2="0">
    <subfield code="a">Fundamentals of Database Systems</subfield>
  </datafield>
  <datafield tag="250" ind1=" " ind2=" ">
    <subfield code="a">IMP 6th</subfield>
  </datafield>
  <datafield tag="260" ind1=" " ind2=" ">
    <subfield code="c">2011</subfield>
    <subfield code="b">Pearson</subfield>
    <subfield code="a">New Delhi</subfield>
  </datafield>
  <datafield tag="300" ind1=" " ind2=" ">
    <subfield code="a">1143</subfield>
  </datafield>
  <datafield tag="942" ind1=" " ind2=" ">
    <subfield code="2">ddc</subfield>
    <subfield code="c">BK</subfield>
  </datafield>
  <datafield tag="999" ind1=" " ind2=" ">
    <subfield code="c">7778</subfield>
    <subfield code="d">7778</subfield>
  </datafield>
  <datafield tag="952" ind1=" " ind2=" ">
    <subfield code="0">0</subfield>
    <subfield code="1">0</subfield>
    <subfield code="2">ddc</subfield>
    <subfield code="4">0</subfield>
    <subfield code="7">0</subfield>
    <subfield code="8">BCA</subfield>
    <subfield code="a">PIET</subfield>
    <subfield code="b">PIET</subfield>
    <subfield code="d">2012-03-07</subfield>
    <subfield code="e">IBH, New Delhi</subfield>
    <subfield code="g">525.00</subfield>
    <subfield code="k">4863</subfield>
    <subfield code="l">4</subfield>
    <subfield code="o">005.74 ELF</subfield>
    <subfield code="p">BC117</subfield>
    <subfield code="r">2023-12-23 00:00:00</subfield>
    <subfield code="s">2023-12-12</subfield>
    <subfield code="v">337.68</subfield>
    <subfield code="w">2012-03-07</subfield>
    <subfield code="y">BK</subfield>
  </datafield>
  <datafield tag="952" ind1=" " ind2=" ">
    <subfield code="0">0</subfield>
    <subfield code="1">0</subfield>
    <subfield code="2">ddc</subfield>
    <subfield code="4">0</subfield>
    <subfield code="7">0</subfield>
    <subfield code="8">BCA</subfield>
    <subfield code="a">PIET</subfield>
    <subfield code="b">PIET</subfield>
    <subfield code="d">2012-03-07</subfield>
    <subfield code="e">IBH, New Delhi</subfield>
    <subfield code="g">525.00</subfield>
    <subfield code="k">4863</subfield>
    <subfield code="l">3</subfield>
    <subfield code="o">005.74 ELF</subfield>
    <subfield code="p">BC118</subfield>
    <subfield code="r">2025-12-22 00:00:00</subfield>
    <subfield code="s">2025-12-08</subfield>
    <subfield code="v">337.68</subfield>
    <subfield code="w">2012-03-07</subfield>
    <subfield code="y">BK</subfield>
  </datafield>
  <datafield tag="952" ind1=" " ind2=" ">
    <subfield code="0">0</subfield>
    <subfield code="1">0</subfield>
    <subfield code="2">ddc</subfield>
    <subfield code="4">0</subfield>
    <subfield code="7">0</subfield>
    <subfield code="8">BCA</subfield>
    <subfield code="a">PIET</subfield>
    <subfield code="b">PIET</subfield>
    <subfield code="d">2012-03-07</subfield>
    <subfield code="e">IBH, New Delhi</subfield>
    <subfield code="g">525.00</subfield>
    <subfield code="k">4863</subfield>
    <subfield code="l">2</subfield>
    <subfield code="o">005.74 ELF</subfield>
    <subfield code="p">BC119</subfield>
    <subfield code="r">2025-11-06 00:00:00</subfield>
    <subfield code="s">2025-10-17</subfield>
    <subfield code="v">337.68</subfield>
    <subfield code="w">2012-03-07</subfield>
    <subfield code="y">BK</subfield>
  </datafield>
  <datafield tag="952" ind1=" " ind2=" ">
    <subfield code="0">0</subfield>
    <subfield code="1">0</subfield>
    <subfield code="2">ddc</subfield>
    <subfield code="4">0</subfield>
    <subfield code="7">0</subfield>
    <subfield code="8">BCA</subfield>
    <subfield code="a">PIET</subfield>
    <subfield code="b">PIET</subfield>
    <subfield code="d">2012-03-07</subfield>
    <subfield code="e">IBH, New Delhi</subfield>
    <subfield code="g">525.00</subfield>
    <subfield code="k">4863</subfield>
    <subfield code="l">3</subfield>
    <subfield code="o">005.74 ELF</subfield>
    <subfield code="p">BC120</subfield>
    <subfield code="r">2023-11-17 00:00:00</subfield>
    <subfield code="s">2023-11-09</subfield>
    <subfield code="v">337.68</subfield>
    <subfield code="w">2012-03-07</subfield>
    <subfield code="y">BK</subfield>
  </datafield>
  <datafield tag="952" ind1=" " ind2=" ">
    <subfield code="0">0</subfield>
    <subfield code="1">0</subfield>
    <subfield code="2">ddc</subfield>
    <subfield code="4">0</subfield>
    <subfield code="7">0</subfield>
    <subfield code="8">BCA</subfield>
    <subfield code="a">PIET</subfield>
    <subfield code="b">PIET</subfield>
    <subfield code="d">2012-03-07</subfield>
    <subfield code="e">IBH, New Delhi</subfield>
    <subfield code="g">525.00</subfield>
    <subfield code="k">4863</subfield>
    <subfield code="l">2</subfield>
    <subfield code="o">005.74 ELF</subfield>
    <subfield code="p">BC121</subfield>
    <subfield code="r">2021-01-12 00:00:00</subfield>
    <subfield code="s">2020-12-07</subfield>
    <subfield code="v">337.68</subfield>
    <subfield code="w">2012-03-07</subfield>
    <subfield code="y">BK</subfield>
  </datafield>
  <datafield tag="952" ind1=" " ind2=" ">
    <subfield code="0">0</subfield>
    <subfield code="1">0</subfield>
    <subfield code="2">ddc</subfield>
    <subfield code="4">0</subfield>
    <subfield code="7">0</subfield>
    <subfield code="8">BCA</subfield>
    <subfield code="a">PIET</subfield>
    <subfield code="b">PIET</subfield>
    <subfield code="d">2012-03-07</subfield>
    <subfield code="e">IBH, New Delhi</subfield>
    <subfield code="g">525.00</subfield>
    <subfield code="k">4863</subfield>
    <subfield code="l">1</subfield>
    <subfield code="o">005.74 ELF</subfield>
    <subfield code="p">BC122</subfield>
    <subfield code="r">2025-12-24 00:00:00</subfield>
    <subfield code="s">2025-12-19</subfield>
    <subfield code="v">337.68</subfield>
    <subfield code="w">2012-03-07</subfield>
    <subfield code="y">BK</subfield>
  </datafield>
</record>
